00436nam a2200121Ia 4500008004100000245009200041245001900133260000900152650001300161856004800174999001900222952007300241171211s9999 xx 000 0 und d aArtillery of Heaven: American Missionaries and the Failed Conversion of the Middle East cUssama Makdisi c2007 xRELIGION uhttp://down.ebook777.com/063/080144621X.pdf c350565d350565 001040aCLbCLd2017-12-11l0r2017-12-11 00:00:00w2017-12-11yCBE